Top 5 państw według danej kategorii #4 - Statystyki

Ogólne statystyki
  • Ten quiz został rozwiązany 10 533 razy
  • Średni wynik to 32 z 56
Statystyki odpowiedzi
Państwo % Poprawnych
Stany Zjednoczone
99%
Rosja
96%
Chiny
95%
Kanada
94%
Francja
93%
Niemcy
89%
Australia
88%
Japonia
88%
Norwegia
88%
Brazylia
86%
Argentyna
85%
Republika Południowej Afryki
85%
Włochy
84%
Hiszpania
82%
Chile
81%
Nowa Zelandia
79%
Finlandia
77%
Indie
76%
Egipt
74%
Wielka Brytania
74%
Demokratyczna Republika Konga
73%
Niger
70%
Indonezja
67%
Arabia Saudyjska
63%
Algieria
62%
Szwajcaria
61%
Mongolia
57%
Czad
55%
Kenia
52%
Libia
51%
Belgia
50%
Austria
47%
Katar
47%
Somalia
46%
Kolumbia
45%
Monako
45%
Oman
43%
Sudan Południowy
38%
Lesotho
34%
Mauretania
34%
Namibia
34%
Wietnam
33%
Nauru
32%
Bangladesz
31%
Botswana
30%
Republika Środkowoafrykańska
29%
San Marino
28%
Urugwaj
28%
Palau
27%
Tuvalu
27%
Eswatini
26%
Kambodża
22%
Tonga
21%
Wyspy Marshalla
21%
Timor Wschodni
10%
Turkmenistan
10%
Nie znaleziono quizów pasujących do podanych kryteriów
Rozkład punktacji
Procent ludzi z każdym wynikiem
Percentyl według liczby udzielonych odpowiedzi
Twoja historia wyników
Nie rozwiązałeś tego quizu